000 00598nam a2200241 a 4500
001 nice12345678
003 IN_TiNIC
005 20260116013433.0
008 050524s1956 lona grp 000 0 eng
020 _a
_c100
082 0 0 _a221
_bROB
100 _aRobinson, H Wheeler
245 _aReligious Ideas of the Testament
260 _aLondon
_bGerald Duckworth & Co.
_c1956
300 _a246p
500 _aincludes index and biblioraphy
505 2 _aIndex
650 _aOld Testament-Commentry
700 1 _aRobinson, H Wheeler
902 _bSRS
942 _cBK
999 _c10976
_d10976